Langmaster: Collins Cobuld: : Students Dictionary

Guardado en:
Detalles Bibliográficos
Formato: Conjunto Libro
Etiquetas: Agregar Etiqueta
Sin Etiquetas, Sea el primero en etiquetar este registro!

MARC

LEADER 00000npm a22000003a 4500
001 stu58422
005 20141122013356.4
008 010626s--------------------------------d
040 |a STU  |b slo 
041 0
245 |a Langmaster: Collins Cobuld: :  |b Students Dictionary 
996 |b 284J004536  |c J*174-CD  |l JJK14  |s P  |a 0  |w stu58422_0001